Êtes-Vous Chanceux ? #2 - Statistiques

Statistiques générales
  • Ce quiz a été pris 433 fois
  • Le résultat moyen est 9 sur 30
Statistiques - réponses
Chiffre de 0 à 9 % Correct
✔️
73%
✔️
67%
✔️
67%
✔️
63%
✔️
63%
✔️
63%
✔️
62%
✔️
60%
✔️
60%
✔️
60%
✔️
59%
✔️
58%
✔️
56%
✔️
56%
✔️
56%
✔️
55%
✔️
54%
✔️
53%
✔️
50%
✔️
50%
✔️
50%
✔️
50%
✔️
50%
✔️
50%
✔️
50%
✔️
50%
✔️
50%
✔️
50%
✔️
50%
✔️
50%
✔️
50%
✔️
50%
✔️
50%
✔️
50%
✔️
50%
✔️
48%
✔️
47%
✔️
47%
✔️
47%
✔️
47%
✔️
47%
✔️
47%
✔️
47%
✔️
47%
✔️
46%
✔️
46%
✔️
46%
✔️
45%
✔️
45%
✔️
45%
✔️
45%
✔️
44%
✔️
44%
✔️
44%
✔️
44%
✔️
44%
✔️
44%
✔️
44%
✔️
44%
✔️
44%
✔️
43%
✔️
43%
✔️
43%
✔️
43%
✔️
43%
✔️
42%
✔️
42%
✔️
42%
✔️
42%
✔️
42%
✔️
42%
✔️
42%
✔️
42%
✔️
41%
✔️
41%
✔️
41%
✔️
40%
✔️
40%
✔️
40%
✔️
40%
✔️
40%
✔️
40%
✔️
40%
✔️
40%
✔️
40%
✔️
40%
✔️
40%
✔️
40%
✔️
40%
✔️
40%
✔️
39%
✔️
39%
✔️
39%
✔️
39%
✔️
38%
✔️
38%
✔️
38%
✔️
38%
✔️
38%
✔️
38%
✔️
38%
✔️
38%
✔️
38%
✔️
38%
✔️
38%
✔️
38%
✔️
38%
✔️
38%
✔️
38%
✔️
38%
✔️
38%
✔️
37%
✔️
37%
✔️
37%
✔️
36%
✔️
36%
✔️
36%
✔️
36%
✔️
36%
✔️
36%
✔️
36%
✔️
36%
✔️
36%
✔️
36%
✔️
36%
✔️
36%
✔️
36%
✔️
36%
✔️
36%
✔️
35%
✔️
35%
✔️
35%
✔️
35%
✔️
35%
✔️
35%
✔️
33%
✔️
33%
✔️
33%
✔️
33%
✔️
33%
✔️
33%
✔️
33%
✔️
33%
✔️
33%
✔️
33%
✔️
33%
✔️
33%
✔️
33%
✔️
33%
✔️
33%
✔️
33%
✔️
33%
✔️
33%
✔️
33%
✔️
33%
✔️
33%
✔️
33%
✔️
32%
✔️
32%
✔️
31%
✔️
31%
✔️
31%
✔️
31%
✔️
31%
✔️
31%
✔️
31%
✔️
31%
✔️
31%
✔️
31%
✔️
31%
✔️
31%
✔️
31%
✔️
31%
✔️
30%
✔️
30%
✔️
30%
✔️
30%
✔️
30%
✔️
30%
✔️
30%
✔️
30%
✔️
30%
✔️
30%
✔️
30%
✔️
30%
✔️
30%
✔️
29%
✔️
29%
✔️
29%
✔️
29%
✔️
29%
✔️
29%
✔️
29%
✔️
29%
✔️
29%
✔️
29%
✔️
29%
✔️
29%
✔️
29%
✔️
29%
✔️
29%
✔️
29%
✔️
29%
✔️
29%
✔️
29%
✔️
29%
✔️
28%
✔️
28%
✔️
28%
✔️
28%
✔️
28%
✔️
27%
✔️
27%
✔️
27%
✔️
27%
✔️
27%
✔️
27%
✔️
27%
✔️
27%
✔️
27%
✔️
27%
✔️
27%
✔️
27%
✔️
27%
✔️
27%
✔️
27%
✔️
27%
✔️
26%
✔️
26%
✔️
26%
✔️
25%
✔️
25%
✔️
25%
✔️
25%
✔️
25%
✔️
25%
✔️
25%
✔️
25%
✔️
25%
✔️
25%
✔️
25%
✔️
25%
✔️
25%
✔️
25%
✔️
25%
✔️
25%
✔️
25%
✔️
25%
✔️
25%
✔️
25%
✔️
25%
✔️
25%
✔️
25%
✔️
25%
✔️
24%
✔️
24%
✔️
24%
✔️
24%
✔️
23%
✔️
23%
✔️
23%
✔️
23%
✔️
23%
✔️
23%
✔️
22%
✔️
22%
✔️
22%
✔️
22%
✔️
22%
✔️
22%
✔️
22%
✔️
21%
✔️
21%
✔️
21%
✔️
21%
✔️
21%
✔️
21%
✔️
21%
✔️
21%
✔️
21%
✔️
21%
✔️
21%
✔️
21%
✔️
21%
✔️
21%
✔️
21%
✔️
21%
✔️
21%
✔️
20%
✔️
20%
✔️
20%
✔️
20%
✔️
20%
✔️
20%
✔️
20%
✔️
20%
✔️
20%
✔️
20%
✔️
20%
✔️
20%
✔️
20%
✔️
20%
✔️
20%
✔️
20%
✔️
20%
✔️
20%
✔️
20%
✔️
19%
✔️
19%
✔️
19%
✔️
19%
✔️
19%
✔️
19%
✔️
19%
✔️
19%
✔️
18%
✔️
18%
✔️
18%
✔️
18%
✔️
18%
✔️
18%
✔️
18%
✔️
18%
✔️
18%
✔️
18%
✔️
17%
✔️
17%
✔️
17%
✔️
17%
✔️
17%
✔️
17%
✔️
17%
✔️
17%
✔️
17%
✔️
17%
✔️
17%
✔️
17%
✔️
16%
✔️
16%
✔️
15%
✔️
15%
✔️
15%
✔️
15%
✔️
15%
✔️
15%
✔️
15%
✔️
15%
✔️
15%
✔️
15%
✔️
15%
✔️
14%
✔️
14%
✔️
14%
✔️
14%
✔️
14%
✔️
14%
✔️
14%
✔️
13%
✔️
13%
✔️
13%
✔️
13%
✔️
13%
✔️
13%
✔️
11%
✔️
11%
✔️
11%
✔️
11%
✔️
10%
✔️
10%
✔️
10%
✔️
10%
✔️
10%
✔️
10%
✔️
10%
✔️
9%
✔️
9%
✔️
9%
✔️
9%
✔️
9%
✔️
8%
✔️
8%
✔️
8%
✔️
8%
✔️
8%
✔️
8%
✔️
7%
✔️
7%
✔️
7%
✔️
7%
✔️
7%
✔️
6%
✔️
6%
✔️
5%
✔️
5%
✔️
0%
✔️
0%
✔️
0%
✔️
0%
✔️
0%
✔️
0%
Aucun quiz correspondant
Distribution des résultats
% des personnes avec chaque résultat
Percentile par nombre de réponses
Votre historique - résultats
Vous n’avez pas pris ce quiz